American Politics - Statistics

General Stats
  • This quiz has been taken 87 times
  • The average score is 8 of 18
Answer Stats
Hint Answer % Correct
Number of Senate seats 100
91%
Current Senate Majority Leader Mitch McConnell
86%
Number of (voting) House seats 435
72%
Number of Cabinet positions 15
61%
State with 36 House seats Texas
58%
First Democratic President Andrew Jackson
51%
Current Attorney General William Barr
48%
Notable third-party Presidential candidate in 1992 Ross Perot
46%
Number of votes in the Electoral College 538
43%
First Treasury Secretary Alexander Hamilton
41%
1988 Presidential Election loser Michael Dukakis
37%
Al Gore's 2000 running mate Joseph Lieberman
30%
Fourth in line to the Presidency President Pro Tempore
28%
Name of the above Charles Grassley
22%
Longest Serving Senator Robert Byrd
16%
Current House Majority Whip James Clyburn
15%
Longest Serving House Speaker Sam Rayburn
10%
House GOP leader before Gingrich Robert Michel
5%
No matching quizzes found
Score Distribution
Percent of People with Each Score
Percentile by Number Answered
Your Score History
You have not taken this quiz